Wounded Heart of God (Record no. 6320)

MARC details
000 -LEADER
fixed length control field 00674nam a2200253 a 4500
020 ## - INTERNATIONAL STANDARD BOOK NUMBER
ISBN 0687369
082 00 - DEWEY DECIMAL CLASSIFICATION NUMBER
Classification number 241.3
Author Cutter PAR
100 ## - MAIN ENTRY--AUTHOR NAME
Author name Park, Andrew Sung
245 ## - TITLE STATEMENT
Title Wounded Heart of God
Sub title the Asian Concept of Han and the Christian Doctri
260 ## - PUBLICATION, DISTRIBUTION, ETC. (IMPRINT)
Place of publication New York
Name of publisher Abingdon Press
Year of publication 1993
300 ## - PHYSICAL DESCRIPTION
Number of Pages 202p
500 ## - GENERAL NOTE
General note includes index and biblioraphy
505 2# - FORMATTED CONTENTS NOTE
Formatted contents note Bibliography
650 ## - SUBJECT ADDED ENTRY--TOPICAL TERM
Topical Term Theology-Sin
650 ## - SUBJECT ADDED ENTRY--TOPICAL TERM
Topical Term Sin-Christianity
942 ## - ADDED ENTRY ELEMENTS (KOHA)
Koha item type Books
700 1# -
-- Park, Andrew Sung
Holdings
Collection code Home library Current library Date acquired Cost, normal purchase price Full call number Accession Number Koha item type
  Henry Martyn Institute Library Henry Martyn Institute Library 06/29/2007 747.74 241.3 PAR 014926 Books
                   Copyright © 2026 | Henry Martyn Institute | Hyderabad | TS-500052 | INDIA | Implemented by hmi.edu.in
Hit-Count:

Powered by Koha